Catálogo
 En Linea

Atlas de sonografía en ginecología y obstetricia / (Registro nro. 55213)

Detalles MARC
000 -CABECERA
campo de control de longitud fija 01785nam a2200301 i 4500
003 - IDENTIFICADOR DEL NÚMERO DE CONTROL
campo de control DO-SdBNP
005 - FECHA Y HORA DE LA ÚLTIMA TRANSACCIÓN
campo de control 20240112101739.0
007 - CAMPO FIJO DE DESCRIPCIÓN FÍSICA--INFORMACIÓN GENERAL
campo de control de longitud fija ta
008 - DATOS DE LONGITUD FIJA--INFORMACIÓN GENERAL
campo de control de longitud fija 110413s1999 dr co 000 0 spa d
020 ## - NÚMERO INTERNACIONAL ESTÁNDAR DEL LIBRO
Número Internacional Estándar del Libro 976816056X
040 ## - FUENTE DE LA CATALOGACIÓN
Centro catalogador/agencia de origen DO-SdBNP
Lengua de catalogación spa
Centro/agencia transcriptor BNPHU
Normas de descripción rda
082 #4 - NÚMERO DE LA CLASIFICACIÓN DECIMAL DEWEY
Número de clasificación 618.107543
Número de documento/Ítem S211a
Número de edición 22
100 1# - ENTRADA PRINCIPAL--NOMBRE DE PERSONA
Nombre de persona Sánchez Jiménez, Raúl
9 (RLIN) 84507
Término indicativo de función/relación autor
245 10 - MENCIÓN DE TÍTULO
Título Atlas de sonografía en ginecología y obstetricia /
Mención de responsabilidad, etc. Raúl Sánchez Jiménez
264 #1 - PRODUCCIÓN, PUBLICACIÓN, DISTRIBUCIÓN, FABRICACIÓN Y COPYRIGHT
Producción, publicación, distribución, fabricación y copyright Santo Domingo :
Nombre del de productor, editor, distribuidor, fabricante Búho,
Fecha de producción, publicación, distribución, fabricación o copyright 1999.
300 ## - DESCRIPCIÓN FÍSICA
Extensión 378 páginas :
Otras características físicas retratos, fotografías ;
Dimensiones 23 cm.
336 ## - TIPO DE CONTENIDO
Fuente rdacontent
Término de tipo de contenido texto
Código de tipo de contenido txt
337 ## - TIPO DE MEDIO
Fuente rdamedia
Nombre/término del tipo de medio sin mediación
Código del tipo de medio n
338 ## - TIPO DE SOPORTE
Fuente rdacarrier
Nombre/término del tipo de soporte volumen
Código del tipo de soporte nc
504 ## - NOTA DE BIBLIOGRAFÍA, ETC.
Nota de bibliografía, etc. Bibliografía p: 369-378
505 ## - NOTA DE CONTENIDO CON FORMATO
Nota de contenido con formato Breves apuntes históricos y principios básicos de los ultrasonidos 13|Anatomía normal de la pelvis menor femenina 17|Utero normal y su aspecto sonográfico 27|Morfología y fisiología del ovario normal. Su aspecto sonográfico 43|Aspecto sonográfico de alteraciones benignas del útero 57|Aspecto sonográfico de alteracines benignas de los anexos 97|Aspecto sonográfico de otras aplicaciones en ginecología 155|Referencias ginecológicas 183|Criterios básicos del primer trimestre de la gestación normal y patológica 189|Criterios básicos ecobiométricos y ecoanatomía normal del segundo y tercer trimestre de la gestación 259|Aspecto sonográfico de alteraciones feto-placentarias. Segundo y tercer trimestre de gestación 297|Referencias obstétricas 369
590 ## - NOTA LOCAL (RLIN)
Nota local Inventariado, 2023/ YL
650 #4 - PUNTO DE ACCESO ADICIONAL DE MATERIA--TÉRMINO DE MATERIA
Término de materia o nombre geográfico como elemento de entrada Técnicas de diagnóstico obstétrico y ginecológico
9 (RLIN) 84714
650 #4 - PUNTO DE ACCESO ADICIONAL DE MATERIA--TÉRMINO DE MATERIA
Término de materia o nombre geográfico como elemento de entrada Diagnóstico por imágenes
9 (RLIN) 44045
650 #4 - PUNTO DE ACCESO ADICIONAL DE MATERIA--TÉRMINO DE MATERIA
Término de materia o nombre geográfico como elemento de entrada Ultrasonografía
9 (RLIN) 84715
910 ## - DATOS DE OPCIÓN DEL USUARIO (OCLC)
Datos de opción del usuario YLockward/Validado. Control de calidad MFF
942 ## - ELEMENTOS DE PUNTO DE ACCESO ADICIONAL (KOHA)
Fuente del sistema de clasificación o colocación Dewey Decimal Classification
Tipo de ítem Koha Libro
Existencias
Estado de retiro Estado de pérdida Fuente del sistema de clasificación o colocación Restricciones de uso No para préstamo Código de colección Localización permanente Ubicación/localización actual Ubicación en estantería Fecha de adquisición Fuente de adquisición Total de préstamos Signatura topográfica completa Código de barras Fecha visto por última vez Precio válido a partir de Tipo de ítem Koha Número de copia
    Dewey Decimal Classification Excluido de préstamo   Patrimonio Dominicano Biblioteca Nacional Pedro Henríquez Ureña Biblioteca Nacional Pedro Henríquez Ureña Depósito 16.12.2021 Colegio Nuestra Señora de Lourdes   BNPHU PD 618.107543 S211a 2023-7072 20.10.2023 20.10.2023 Libro  
    Dewey Decimal Classification Excluido de préstamo   Patrimonio Dominicano Biblioteca Nacional Pedro Henríquez Ureña Biblioteca Nacional Pedro Henríquez Ureña Depósito 12.12.2023 donación   BNPHU PD 618.107543 S211a 2023-8334 12.12.2023 12.12.2023 Libro e.2
    Dewey Decimal Classification Préstamo en sala   Dominicana de Servicio Biblioteca Nacional Pedro Henríquez Ureña Biblioteca Nacional Pedro Henríquez Ureña Depósito 12.12.2023 donación   BNPHU DS 618.107543 S211a 2023-8335 12.12.2023 12.12.2023 Libro e.3
    Dewey Decimal Classification Préstamo en sala   Dominicana de Servicio Biblioteca Nacional Pedro Henríquez Ureña Biblioteca Nacional Pedro Henríquez Ureña Depósito 12.12.2023 donación   BNPHU DS 618.107543 S211a 2023-8336 12.12.2023 12.12.2023 Libro e.4

Con tecnología Koha